| 000 | 00794cam9a220024100 4500 | ||
|---|---|---|---|
| 001 | lce00476438 | ||
| 008 | 781129s1977 ie 000 1 eng | ||
| 010 | _a 78318752 | ||
| 015 | _aIr*** | ||
| 020 | _cL.4.50 | ||
| 035 | _a(Sirsi) r9719 | ||
| 035 | _a(DLC) 78318752 | ||
| 035 | _a(UPRA)lce00476438 | ||
| 050 | 0 |
_aPZ3.K173 _bBy 1977 _aPR6021.A74 |
|
| 082 | _a823/.9/12 | ||
| 100 | 1 |
_aKavanagh, Patrick, 1904-1967. _dKavanagh, Patrick, 1904-1967. _6A62988.1 |
|
| 245 | 1 | 0 |
_aBy night unstarred : _ban autobiographical novel / _cPatrick Kavanagh ; edited by Peter Kavanagh. |
| 260 |
_aThe Curragh, Ire. : _bGoldsmith Press, _c1977. |
||
| 700 | 1 |
_aKavanagh, Peter. _6A62989.1 |
|
| 949 |
_aPZ3.K173 _wlcc _i-1220 _mMAIN _tBOOK _lON-SHELF |
||
| 004 | 9719 | ||
| 987 | _aholdings : unreadable? | ||
| 999 |
_c136359 _d136359 |
||